La cruz de Caravaca / (Record no. 101356)

MARC details
000 -LEADER
campo de control de longitud fija 00543nam a2200181 i 4500
001 - NÚMERO DE CONTROL
campo de control 101356
003 - IDENTIFICADOR DE NÚMERO DE CONTROL
campo de control ES-MaACL
005 - FECHA Y HORA DE LA ÚLTIMA TRANSACCIÓN
campo de control 20230906182900.0
007 - CAMPO FIJO DE DESCRIPCIÓN FÍSICA--INFORMACIÓN GENERAL
campo de control de longitud fija t|
008 - DATOS DE LONGITUD FIJA--INFORMACIÓN GENERAL
campo de control de longitud fija 051018s1967 sp ||||1| spa d
100 1# - ENTRADA PRINCIPAL--NOMBRE DE PERSONA
Nombre de persona Mayor Izquierdo, Leonardo.
9 (RLIN) 79411
245 13 - MENCIÓN DEL TÍTULO
Título La cruz de Caravaca /
Mención de responsabilidad, etc. Leonardo Mayor Izquierdo.
250 ## - MENCION DE EDICION
Mención de edición 2ª ed.
260 ## - PUBLICACIÓN, DISTRIBUCIÓN, ETC.
Lugar de publicación, distribución, etc. Caravaca (Murcia) :
Nombre del editor, distribuidor, etc. [s.n.],
Fecha de publicación, distribución, etc. 1967 (
Fabricante Imp. Héroes)
300 ## - DESCRIPCIÓN FÍSICA
Extensión 104 p. :
Otras características físicas il. ;
Dimensiones 16 cm.
650 #4 - PUNTO DE ACCESO ADICIONAL DE MATERIA--TÉRMINO DE MATERIA
Término de materia o nombre geográfico como elemento de entrada Cruz de Caravaca-
Subdivisión general Historia.
9 (RLIN) 152305
852 ## - LOCALIZACIÓN
Ubicación ES-MaACL
Número de control de estantería C-34516
Sublocalización o colección R.64922
Holdings
Estatus retirado Estado de pérdida Estado de daño No para préstamo Biblioteca de origen Biblioteca actual Ubicación en estantería Fecha de adquisición Fuente de adquisición Total de préstamos Signatura topográfica completa Código de barras Visto por última vez Precio de reemplazo Tipo de ítem Koha
        Biblioteca del Ateneo de Madrid Biblioteca del Ateneo de Madrid Depósito 2 17/01/2008     C-34516 1105820 23/02/2023 23/02/2023 Libro impreso